Fundamentals of organometallic chemistry (Record no. 394468)

MARC details
000 -LEADER
fixed length control field 00532 a2200205 4500
005 - DATE & TIME
control field 20260210110724.0
008 - FIXED-LENGTH DATA ELEMENTS--GENERAL INFORMATION
fixed length control field 260209b |||||||| |||| 00| 0 eng d
020 ## - ISBN
International Standard Book Number 9788119684472
Price Rs. 1895.00
040 ## - CATALOGING SOURCE
Original cataloging agency VIVEKANANDA LIBRARY
082 ## - DDC NUMBER
Classification number 547.05
Book Number R197F
100 ## - MAIN ENTRY--PERSONAL NAME
Personal name Ravikant
245 ## - TITLE STATEMENT
Title Fundamentals of organometallic chemistry
260 ## - PUBLICATION, DISTRIBUTION, ETC. (IMPRINT)
Name of publisher, distributor, etc Book Enclave
Date of publication, distribution, etc 2025
Place of publication, distribution, etc Jaipur
300 ## - PHYSICAL DESCRIPTION
Pages vii, 256
650 ## - Subject
Subject Chemistry
650 ## - Subject
Subject Organic Chemistry
700 ## - Added Entry Personal Name
Added Entry Personal Name Sharma, Dinesh Kumar
700 ## - Added Entry Personal Name
Added Entry Personal Name Sharma, Manisha
942 ## - ADDED ENTRY ELEMENTS (KOHA)
Koha item type Books
Holdings
Withdrawn status Lost status Source of classification or shelving scheme Damaged status Not for loan Location (home branch) Sublocation or collection (holding branch) Shelving location Date acquired Koha issues (times borrowed) Koha full call number Accession No. Koha date last seen Koha item type
    Dewey Decimal Classification     VIVEKANANDA LIBRARY VIVEKANANDA LIBRARY Vivekananda Library 22/01/2026   547.05 R197F 444485 22/01/2026 Books
© Designed and Maintained by Vivekananda Library, MDU Rohtak